[Event "Isle of Wight International"]
[Site "Ryde"]
[Date "2025.02.18"]
[Round "1.43"]
[White "Hu, Junyan"]
[Black "Toma, Katarzyna"]
[Result "0-1"]
[WhiteElo "1895"]
[BlackElo "2199"]
[PlyCount "124"]
[EventDate "2025.02.18"]
[EventType "swiss"]
[EventRounds "9"]
[EventCountry "ENG"]
[SourceTitle "BritBase"]
[Source "John Saunders"]
[SourceDate "2025.02.21"]
[SourceVersion "1"]
[SourceVersionDate "2025.02.21"]
[SourceQuality "1"]

1. e4 c5 2. Nf3 e6 3. d4 cxd4 4. Nxd4 Nc6 5. Nc3 Qc7 6. g3 a6 7. Bg2 Nf6 8. O-O Be7 9. Re1 Nxd4 10. Qxd4 Bc5 11. Bf4 d6 12. Qd2 Ng4 13. Re2 Bd7 14. h3 Ne5 15. Rb1 Rc8 16. Ree1 b5 17. Red1 b4 18. Ne2 Nc4 19. Qe1 O-O 20. Nc1 e5 21. Bd2 a5 22. c3 Nxd2 23. Qxd2 Be6 24. Nb3 bxc3 25. bxc3 Ba3 26. Qe3 a4 27. Nc1 Qxc3 28. Qxc3 Rxc3 29. Ne2 Rc2 30. Rd3 Bc5 31. Bf1 Bxa2 32. Ra1 Bb3 33. Rc3 Rxc3 34. Nxc3 Bd4 35. Rc1 Rc8 36. Ne2 Rxc1 37. Nxc1 Be6 38. Bd3 Bb2 39. Ne2 a3 40. Bb1 a2 41. Bxa2 Bxa2 42. f4 Bc4 43. Kf2 Bxe2 44. Kxe2 g6 45. Kf3 Kg7 46. fxe5 Bxe5 47. g4 Kf6 48. h4 h6 49. Kg2 Bf4 50. Kf2 Ke5 51. Kf3 Bc1 52. h5 g5 53. Kg2 Kxe4 54. Kg3 Ke3 55. Kg2 Ke2 56. Kg3 d5 57. Kh2 d4 58. Kg2 d3 59. Kg3 d2 60. Kh3 d1=Q 61. Kg2 Qf1+ 62. Kh2 Bf4# 0-1

[Event "Isle of Wight International"]
[Site "Ryde"]
[Date "2025.02.18"]
[Round "1.44"]
[White "Zheng, Harry Z"]
[Black "Sivanesan, Subramanian"]
[Result "1-0"]
[WhiteElo "2198"]
[BlackElo "1894"]
[PlyCount "109"]
[EventDate "2025.02.18"]
[EventType "swiss"]
[EventRounds "9"]
[EventCountry "ENG"]
[SourceTitle "BritBase"]
[Source "John Saunders"]
[SourceDate "2025.02.21"]
[SourceVersion "1"]
[SourceVersionDate "2025.02.21"]
[SourceQuality "1"]

1. e4 c5 2. Nf3 Nc6 3. d4 cxd4 4. Nxd4 Nf6 5. Nc3 e5 6. Ndb5 d6 7. Bg5 a6 8. Na3 b5 9. Nd5 Be7 10. Bxf6 Bxf6 11. c4 b4 12. Nc2 a5 13. g3 g6 14. Nxf6+ Qxf6 15. Bg2 O-O 16. O-O h5 17. Qd5 Bb7 18. Qd3 Nb8 19. Rad1 Ra6 20. f4 Nd7 21. Qe2 Qg7 22. Ne3 Nc5 23. Nd5 Bxd5 24. Rxd5 Rc6 25. Rfd1 Qf6 26. Qd2 Ne6 27. Rf1 exf4 28. gxf4 Rxc4 29. f5 Nc7 30. Rxd6 Qg7 31. f6 Qh7 32. e5 Rg4 33. h3 Rc4 34. Rd7 Ne6 35. Bd5 Rd4 36. Qe3 Rxd5 37. Rxd5 g5 38. Rd6 Nf4 39. e6 fxe6 40. Qe5 Qf5 41. Qxf5 exf5 42. h4 Kf7 43. hxg5 Nh3+ 44. Kh2 Nxg5 45. Rxf5 Ne4 46. Rb6 Rd8 47. Rxa5 Rd2+ 48. Kh3 Rd3+ 49. Kh4 Nxf6 50. Rf5 Rd4+ 51. Kh3 Rd3+ 52. Kg2 Rd2+ 53. Kf3 Rxb2 54. Rfxf6+ Ke7 55. Rh6 1-0

[Event "Isle of Wight International"]
[Site "Ryde"]
[Date "2025.02.18"]
[Round "1.45"]
[White "Waterfield, Mark"]
[Black "Spence, David J"]
[Result "0-1"]
[WhiteElo "1892"]
[BlackElo "2181"]
[PlyCount "108"]
[EventDate "2025.02.18"]
[EventType "swiss"]
[EventRounds "9"]
[EventCountry "ENG"]
[SourceTitle "BritBase"]
[Source "John Saunders"]
[SourceDate "2025.02.21"]
[SourceVersion "1"]
[SourceVersionDate "2025.02.21"]
[SourceQuality "1"]

1. e4 e6 2. d4 d5 3. Nd2 Nf6 4. e5 Nfd7 5. Bd3 c5 6. c3 Nc6 7. Ngf3 g6 8. h4 h6 9. Bc2 Qb6 10. Nb3 cxd4 11. cxd4 Nb4 12. Bb1 Nb8 13. a3 N4a6 14. Bd2 Bd7 15. Ba5 Qc6 16. Bc2 b6 17. Bc3 Nc7 18. O-O Qb7 19. Nc1 a5 20. Nd3 Nc6 21. b3 Nb5 22. Bb2 Rc8 23. Nf4 Be7 24. Qd3 Nxa3 25. Bd1 Nb4 26. Qd2 Nb5 27. Rc1 Rxc1 28. Qxc1 Qc8 29. Qd2 Na2 30. Nd3 Nbc3 31. g3 Bb5 32. Re1 Ne4 33. Qe3 Nb4 34. Nxb4 Bxb4 35. Be2 Bxe2 36. Rxe2 Qd8 37. Rc2 g5 38. Qc1 O-O 39. h5 f6 40. Kg2 Qe8 41. g4 f5 42. Nh2 fxg4 43. Nxg4 Qxh5 44. f3 Rxf3 45. Rc8+ Rf8 46. Rxf8+ Bxf8 47. Qd1 Qg6 48. Qc1 Qf5 49. Nf6+ Nxf6 50. exf6 Qg4+ 51. Kh1 Qf3+ 52. Kh2 Bd6+ 53. Kg1 Qg3+ 54. Kf1 Qf4+ 0-1

[Event "Isle of Wight International"]
[Site "Ryde"]
[Date "2025.02.18"]
[Round "1.47"]
[White "Maton, Emily"]
[Black "Tsakiris, Haralambos"]
[Result "1/2-1/2"]
[WhiteElo "1886"]
[BlackElo "2178"]
[PlyCount "113"]
[EventDate "2025.02.18"]
[EventType "swiss"]
[EventRounds "9"]
[EventCountry "ENG"]
[SourceTitle "BritBase"]
[Source "John Saunders"]
[SourceDate "2025.02.21"]
[SourceVersion "1"]
[SourceVersionDate "2025.02.21"]
[SourceQuality "1"]

1. d4 Nf6 2. Nf3 g6 3. Bf4 Bg7 4. Nc3 d5 5. h4 h5 6. e3 O-O 7. Bd3 c5 8. O-O Bg4 9. Be2 Nc6 10. Ne5 cxd4 11. exd4 Bf5 12. Nxc6 bxc6 13. Bd3 e6 14. Bxf5 exf5 15. Qd2 Ne4 16. Nxe4 dxe4 17. Bg5 Qxd4 18. Qxd4 Bxd4 19. c3 Bb6 20. Rfd1 f6 21. Bf4 Rad8 22. a4 a6 23. a5 Ba7 24. Bc7 Rxd1+ 25. Rxd1 e3 26. fxe3 Bxe3+ 27. Kf1 Rf7 28. Rd8+ Kg7 29. Rc8 Rf8 30. Bd8 Kg8 31. Ke2 Bf4 32. b4 Bd6 33. Rxc6 Rxd8 34. Rxa6 Be5 35. Rc6 Kf7 36. a6 Ke7 37. b5 Kd7 38. Rc4 Ra8 39. Kd3 Bg3 40. Kc2 Bf2 41. Kb3 g5 42. hxg5 fxg5 43. Rc6 h4 44. c4 g4 45. c5 h3 46. gxh3 g3 47. Rg6 f4 48. Rg7+ Ke6 49. Kc4 f3 50. b6 g2 51. b7 Rd8 52. a7 Kf6 53. a8=Q Rxa8 54. bxa8=Q Kxg7 55. Qb7+ Kg6 56. Qe4+ Kg7 57. Qxf3 1/2-1/2

[Event "Isle of Wight International"]
[Site "Ryde"]
[Date "2025.02.18"]
[Round "1.48"]
[White "Sooraj, M R"]
[Black "Kennedy, Craig"]
[Result "1-0"]
[WhiteElo "2152"]
[BlackElo "1879"]
[PlyCount "45"]
[EventDate "2025.02.18"]
[EventType "swiss"]
[EventRounds "9"]
[EventCountry "ENG"]
[SourceTitle "BritBase"]
[Source "John Saunders"]
[SourceDate "2025.02.21"]
[SourceVersion "1"]
[SourceVersionDate "2025.02.21"]
[SourceQuality "1"]

1. e4 e6 2. d4 d5 3. Nd2 dxe4 4. Nxe4 Nd7 5. Nf3 Ngf6 6. Nxf6+ Nxf6 7. Bd3 Be7 8. Qe2 O-O 9. Bg5 h6 10. h4 c5 11. Bxf6 Bxf6 12. Qe4 Qa5+ 13. Kf1 Rd8 14. g4 Bxd4 15. c3 f5 16. gxf5 exf5 17. Bc4+ Kh8 18. Qf4 Bf6 19. Ng5 Re8 20. Rd1 b6 21. Rd6 Ba6 22. Nf7+ Kh7 23. Qxf5+ 1-0

[Event "Isle of Wight International"]
[Site "Ryde"]
[Date "2025.02.18"]
[Round "1.49"]
[White "Smith, Steve"]
[Black "Liu, Jack"]
[Result "0-1"]
[WhiteElo "1867"]
[BlackElo "2141"]
[PlyCount "84"]
[EventDate "2025.02.18"]
[EventType "swiss"]
[EventRounds "9"]
[EventCountry "ENG"]
[SourceTitle "BritBase"]
[Source "John Saunders"]
[SourceDate "2025.02.21"]
[SourceVersion "1"]
[SourceVersionDate "2025.02.21"]
[SourceQuality "1"]

1. e4 c5 2. c3 d5 3. exd5 Qxd5 4. d4 Nf6 5. Nf3 e6 6. Na3 Nc6 7. Be3 cxd4 8. Nb5 Qd7 9. Nbxd4 a6 10. Nxc6 Qxc6 11. Ne5 Qc7 12. Qa4+ Nd7 13. Bd4 b5 14. Bxb5 axb5 15. Qxa8 Nxe5 16. Qe4 Nc6 17. O-O Nxd4 18. Qxd4 f6 19. a4 Bc5 20. Qd3 bxa4 21. Rxa4 O-O 22. Rd1 Bb7 23. Rh4 h6 24. b4 Bb6 25. Qd6 Qxd6 26. Rxd6 Ra8 27. Rd1 Ra2 28. Rf1 Kh7 29. c4 g5 30. Rh3 Bd4 31. Rb3 Rc2 32. c5 Bd5 33. Rd3 e5 34. Rf3 Bxf3 35. gxf3 Rb2 36. c6 Rxb4 37. Rc1 Rb8 38. Kf1 Rc8 39. Ke2 Kg6 40. Kd3 Kf5 41. Rc2 Rc7 42. h3 Ke6 0-1

[Event "Isle of Wight International"]
[Site "Ryde"]
[Date "2025.02.18"]
[Round "1.50"]
[White "Dignam, Matthew P"]
[Black "Ward, Cian"]
[Result "1-0"]
[WhiteElo "2138"]
[BlackElo "1866"]
[PlyCount "27"]
[EventDate "2025.02.18"]
[EventType "swiss"]
[EventRounds "9"]
[EventCountry "ENG"]
[SourceTitle "BritBase"]
[Source "John Saunders"]
[SourceDate "2025.02.21"]
[SourceVersion "1"]
[SourceVersionDate "2025.02.21"]
[SourceQuality "1"]

1. b3 Nf6 2. Bb2 d5 3. Nf3 e6 4. c4 Be7 5. Qc2 dxc4 6. bxc4 c5 7. g4 Nxg4 8. Bxg7 Bh4 9. Bg2 Nxf2 10. O-O Bf6 11. Bxh8 Bxh8 12. Nc3 Ng4 13. Qxh7 Bxc3 14. dxc3 1-0

[Event "Isle of Wight International"]
[Site "Ryde"]
[Date "2025.02.18"]
[Round "1.51"]
[White "Rastogi, Nayan Keats"]
[Black "Khoury, Theo"]
[Result "1-0"]
[WhiteElo "1843"]
[BlackElo "2124"]
[PlyCount "113"]
[EventDate "2025.02.18"]
[EventType "swiss"]
[EventRounds "9"]
[EventCountry "ENG"]
[SourceTitle "BritBase"]
[Source "John Saunders"]
[SourceDate "2025.02.21"]
[SourceVersion "1"]
[SourceVersionDate "2025.02.21"]
[SourceQuality "1"]

1. e4 c5 2. c3 Nf6 3. e5 Nd5 4. d4 cxd4 5. Nf3 d6 6. cxd4 Nc6 7. Bc4 dxe5 8. dxe5 Ndb4 9. Qb3 e6 10. O-O Na5 11. Qa4+ Bd7 12. Bb5 Bxb5 13. Qxb5+ Nac6 14. Nc3 a6 15. Qe2 Qd3 16. Rd1 Qxe2 17. Nxe2 Rd8 18. Rxd8+ Kxd8 19. Bd2 Kc8 20. Ned4 Be7 21. Rc1 Kb8 22. Nxc6+ Nxc6 23. Bc3 Rd8 24. Kf1 b5 25. b3 Ba3 26. Bb2 Bxb2 27. Rxc6 Kb7 28. Rc2 Ba3 29. Ng5 Rd7 30. Nxh7 Be7 31. f4 Rd5 32. Re2 Bc5 33. Ng5 Rd7 34. Ne4 Bb4 35. g4 Rd4 36. Kf2 Kc6 37. Kf3 Kd5 38. h4 Rd1 39. h5 Kd4 40. g5 Rg1 41. Ng3 Rd1 42. Re4+ Kc5 43. h6 gxh6 44. gxh6 Rd8 45. Re2 Rh8 46. Rh2 Kc6 47. h7 Kd7 48. Ne4 Be7 49. Kg4 Ke8 50. f5 exf5+ 51. Kxf5 Kf8 52. Nf6 Bd8 53. Rd2 Be7 54. Rd7 b4 55. e6 a5 56. Rb7 fxe6+ 57. Kxe6 1-0

[Event "Isle of Wight International"]
[Site "Ryde"]
[Date "2025.02.18"]
[Round "1.52"]
[White "Brewer, Callum D"]
[Black "Sui, Yueyue"]
[Result "1-0"]
[WhiteElo "2122"]
[BlackElo "1805"]
[PlyCount "63"]
[EventDate "2025.02.18"]
[EventType "swiss"]
[EventRounds "9"]
[EventCountry "ENG"]
[SourceTitle "BritBase"]
[Source "John Saunders"]
[SourceDate "2025.02.21"]
[SourceVersion "1"]
[SourceVersionDate "2025.02.21"]
[SourceQuality "1"]

1. e4 e6 2. d4 d5 3. e5 c5 4. c3 Qb6 5. Nf3 Bd7 6. Bd3 cxd4 7. Nxd4 Bc5 8. Qg4 g6 9. O-O Nc6 10. Nxc6 Bxc6 11. b4 Bf8 12. Be3 Qc7 13. Na3 a6 14. Qh3 h5 15. Nc2 Bh6 16. Bc5 Bf8 17. Bxf8 Kxf8 18. f4 Kg7 19. Nd4 Rc8 20. Rf3 Bd7 21. Bc2 Ne7 22. Qh4 Qb6 23. Qf6+ Kg8 24. Qxe7 Rxc3 25. Rd1 Rxc2 26. Qxd7 Rc4 27. Rfd3 Qxb4 28. f5 exf5 29. e6 Kg7 30. Qxf7+ Kh6 31. Rg3 g5 32. Nxf5# 1-0

[Event "Isle of Wight International"]
[Site "Ryde"]
[Date "2025.02.18"]
[Round "1.53"]
[White "Chilton, James I"]
[Black "Kiese, Matthias"]
[Result "0-1"]
[WhiteElo "1799"]
[BlackElo "2109"]
[PlyCount "52"]
[EventDate "2025.02.18"]
[EventType "swiss"]
[EventRounds "9"]
[EventCountry "ENG"]
[SourceTitle "BritBase"]
[Source "John Saunders"]
[SourceDate "2025.02.21"]
[SourceVersion "1"]
[SourceVersionDate "2025.02.21"]
[SourceQuality "1"]

1. d4 d5 2. c4 e6 3. Nf3 Nf6 4. Nc3 Nbd7 5. Bf4 dxc4 6. e3 b5 7. Nxb5 Bb4+ 8. Nc3 Nd5 9. Qc2 Nxf4 10. exf4 Bb7 11. Ne5 Nb6 12. O-O-O O-O 13. Ne4 Bxe4 14. Qxe4 Qd5 15. Qc2 c3 16. b3 c5 17. Bd3 f5 18. g4 cxd4 19. gxf5 exf5 20. Bxf5 Ba3+ 21. Kb1 Rxf5 22. Qxf5 Rf8 23. Qg5 Rc8 24. Nc4 Qe4+ 25. Ka1 Nxc4 26. Rb1 Bb2+ 0-1

[Event "Isle of Wight International"]
[Site "Ryde"]
[Date "2025.02.18"]
[Round "1.54"]
[White "Elgar, Tim"]
[Black "Jacobs, Simon"]
[Result "1-0"]
[WhiteElo "2104"]
[BlackElo "1775"]
[PlyCount "81"]
[EventDate "2025.02.18"]
[EventType "swiss"]
[EventRounds "9"]
[EventCountry "ENG"]
[SourceTitle "BritBase"]
[Source "John Saunders"]
[SourceDate "2025.02.21"]
[SourceVersion "1"]
[SourceVersionDate "2025.02.21"]
[SourceQuality "1"]

1. Nf3 d5 2. g3 c6 3. Bg2 Bg4 4. O-O e6 5. h3 Bxf3 6. Bxf3 Nf6 7. d3 Be7 8. e4 dxe4 9. dxe4 Qxd1 10. Rxd1 Nbd7 11. Nd2 O-O 12. Nc4 Nc5 13. e5 Nd5 14. Na5 Rad8 15. Bd2 f6 16. c4 fxe5 17. Bg2 Nf6 18. Bb4 Rd4 19. Rxd4 exd4 20. Bxc5 Bxc5 21. Nxb7 Bb6 22. c5 Bc7 23. Bxc6 e5 24. Rd1 Kf7 25. f4 Ke6 26. Kg2 Nd5 27. Kf3 Ne3 28. Rd3 g5 29. Ra3 exf4 30. g4 Bb8 31. Ra6 Ke5 32. Na5 Rd8 33. Be4 Rc8 34. Nc6+ Rxc6 35. Rxc6 a5 36. Rc8 Ba7 37. Re8+ Kf6 38. c6 Bb6 39. Rb8 d3 40. Bxd3 Nd5 41. Be4 1-0

[Event "Isle of Wight International"]
[Site "Ryde"]
[Date "2025.02.18"]
[Round "1.55"]
[White "Ding, Yiwen"]
[Black "Rida, Ruqayyah"]
[Result "1-0"]
[WhiteElo "1772"]
[BlackElo "2101"]
[PlyCount "105"]
[EventDate "2025.02.18"]
[EventType "swiss"]
[EventRounds "9"]
[EventCountry "ENG"]
[SourceTitle "BritBase"]
[Source "John Saunders"]
[SourceDate "2025.02.21"]
[SourceVersion "1"]
[SourceVersionDate "2025.02.21"]
[SourceQuality "1"]

1. d4 Nf6 2. c4 g6 3. Nc3 Bg7 4. e4 d6 5. h3 O-O 6. Be3 e5 7. d5 Na6 8. Bd3 Qe8 9. Nge2 Nh5 10. g4 Nf4 11. Nxf4 exf4 12. Bxf4 f5 13. gxf5 gxf5 14. Be3 Nc5 15. Bxc5 dxc5 16. Qe2 fxe4 17. Bxe4 Bf5 18. f3 Qe5 19. O-O-O Rae8 20. Rde1 Kh8 21. Kb1 Qf4 22. Qc2 Bxe4 23. fxe4 Re7 24. Rhg1 Qf3 25. Qg2 Qd3+ 26. Qc2 Qxc4 27. Rg4 Rf1 28. Rxf1 Qxf1+ 29. Qd1 Qxh3 30. Kc2 Qh2+ 31. Kb3 Qe5 32. Qf3 Re8 33. Qf7 Rf8 34. Qd7 a6 35. a4 b5 36. axb5 axb5 37. Qxb5 c6 38. Qxc5 Rb8+ 39. Ka2 Qh2 40. Qa3 Qh3 41. Rxg7 cxd5 42. exd5 Qc8 43. Ra7 Qc4+ 44. Ka1 Qf1+ 45. Nb1 Qf8 46. Qc3+ Kg8 47. Qg3+ Kh8 48. Qe5+ Kg8 49. Qe6+ Kh8 50. Qd7 Qh6 51. Qc7 Rf8 52. d6 Qg6 53. d7 1-0

[Event "Isle of Wight International"]
[Site "Ryde"]
[Date "2025.02.18"]
[Round "1.56"]
[White "Galvan Cipriani, Viviana"]
[Black "Westcott, Dale"]
[Result "1-0"]
[WhiteElo "2096"]
[BlackElo "1770"]
[PlyCount "117"]
[EventDate "2025.02.18"]
[EventType "swiss"]
[EventRounds "9"]
[EventCountry "ENG"]
[SourceTitle "BritBase"]
[Source "John Saunders"]
[SourceDate "2025.02.21"]
[SourceVersion "1"]
[SourceVersionDate "2025.02.21"]
[SourceQuality "1"]

1. c4 c6 2. Nf3 d5 3. d4 Nf6 4. Nc3 e6 5. e3 Nbd7 6. Qc2 Bd6 7. Bd3 O-O 8. O-O dxc4 9. Bxc4 b5 10. Bd3 Bb7 11. e4 e5 12. dxe5 Nxe5 13. Nxe5 Bxe5 14. h3 a6 15. Be3 Re8 16. Rad1 Qe7 17. Ne2 Bc7 18. Bc5 Qe5 19. f4 Qh5 20. Ng3 Qh4 21. Nf5 Qh5 22. Be2 Qg6 23. Ne7+ Rxe7 24. Bxe7 Nd5 25. Rxd5 Bb6+ 26. Rc5 Re8 27. Bh4 Qxe4 28. Bd3 Bxc5+ 29. Kh2 Qd5 30. Bxh7+ Kh8 31. Bf5 Bd6 32. Rd1 Bxf4+ 33. g3 Qf3 34. Bg4 Qe3 35. gxf4 Qxf4+ 36. Bg3 Qg5 37. Qd2 Qxd2+ 38. Rxd2 c5 39. Rd7 Bc8 40. Rxf7 Bxg4 41. hxg4 Re2+ 42. Rf2 Re4 43. g5 Kh7 44. Bf4 Kg6 45. Kg3 c4 46. Bd2 Rd4 47. Kf3 Rd7 48. Ke4 a5 49. Bxa5 Ra7 50. Bb4 Rxa2 51. Kd5 Kxg5 52. Kc5 Kg4 53. Kxb5 Kg3 54. Rc2 g5 55. Bd6+ Kf3 56. Kxc4 g4 57. Rc3+ Kf2 58. b4 Ra8 59. Kd5 1-0

[Event "Isle of Wight International"]
[Site "Ryde"]
[Date "2025.02.18"]
[Round "1.58"]
[White "Patel, Zain"]
[Black "Rzepka, Marcin"]
[Result "1-0"]
[WhiteElo "2089"]
[BlackElo "1750"]
[PlyCount "77"]
[EventDate "2025.02.18"]
[EventType "swiss"]
[EventRounds "9"]
[EventCountry "ENG"]
[SourceTitle "BritBase"]
[Source "John Saunders"]
[SourceDate "2025.02.21"]
[SourceVersion "1"]
[SourceVersionDate "2025.02.21"]
[SourceQuality "1"]

1. d4 g6 2. c4 Bg7 3. Nf3 d6 4. Nc3 c5 5. dxc5 dxc5 6. Qxd8+ Kxd8 7. Bf4 Bxc3+ 8. bxc3 Be6 9. O-O-O+ Ke8 10. e3 f6 11. Nd2 Nd7 12. Be2 Bf7 13. Bf3 e5 14. Bg3 Rb8 15. Ne4 Nb6 16. Nxc5 Bxc4 17. a4 Nxa4 18. Nxa4 Bb3 19. Nc5 Bxd1 20. Rxd1 Rd8 21. Bxb7 Rxd1+ 22. Kxd1 Ne7 23. f3 Nf5 24. Bf2 Ke7 25. e4 Nd6 26. Bd5 Rb8 27. Kc2 a5 28. g3 Nb5 29. Na6 Rc8 30. Bc5+ Nd6 31. Kb3 Kd7 32. Ka4 f5 33. Kxa5 fxe4 34. fxe4 Rf8 35. c4 Rf1 36. Bxd6 Kxd6 37. c5+ Kd7 38. c6+ Kc8 39. Be6+ 1-0

[Event "Isle of Wight International"]
[Site "Ryde"]
[Date "2025.02.18"]
[Round "1.59"]
[White "Pai, Sidhanth"]
[Black "Wilks, Simon"]
[Result "0-1"]
[WhiteElo "1746"]
[BlackElo "2089"]
[PlyCount "66"]
[EventDate "2025.02.18"]
[EventType "swiss"]
[EventRounds "9"]
[EventCountry "ENG"]
[SourceTitle "BritBase"]
[Source "John Saunders"]
[SourceDate "2025.02.21"]
[SourceVersion "1"]
[SourceVersionDate "2025.02.21"]
[SourceQuality "1"]

1. d4 Nf6 2. Nf3 e6 3. c4 Bb4+ 4. Nbd2 O-O 5. a3 Be7 6. e4 d6 7. Be2 Nbd7 8. O-O a5 9. b3 e5 10. Bb2 Re8 11. Qc2 Bf8 12. b4 b6 13. d5 g6 14. Ne1 Bg7 15. Nd3 Qe7 16. Rfc1 Bh6 17. Bf3 Rf8 18. Rd1 Ne8 19. c5 bxc5 20. bxc5 Ba6 21. Nc4 f5 22. cxd6 cxd6 23. Qb3 Rb8 24. Qa2 fxe4 25. Bxe4 Nef6 26. f3 Nxe4 27. fxe4 Qh4 28. Re1 Rbc8 29. Ncxe5 Nxe5 30. Nxe5 Rc2 31. Bd4 Rxa2 32. Nf3 Rxf3 33. gxf3 Qxh2# 0-1

[Event "Isle of Wight International"]
[Site "Ryde"]
[Date "2025.02.18"]
[Round "1.60"]
[White "Larchikov, Maksym"]
[Black "Moseley, Alan"]
[Result "1-0"]
[WhiteElo "2088"]
[BlackElo "1740"]
[PlyCount "73"]
[EventDate "2025.02.18"]
[EventType "swiss"]
[EventRounds "9"]
[EventCountry "ENG"]
[SourceTitle "BritBase"]
[Source "John Saunders"]
[SourceDate "2025.02.21"]
[SourceVersion "1"]
[SourceVersionDate "2025.02.21"]
[SourceQuality "1"]

1. d4 e6 2. c4 b6 3. Nf3 Bb7 4. g3 Bb4+ 5. Bd2 Bxf3 6. exf3 Bxd2+ 7. Nxd2 Nf6 8. Bg2 d5 9. f4 O-O 10. O-O Nc6 11. Nf3 Ne7 12. Ne5 c6 13. Qa4 Qd6 14. Rac1 Rfc8 15. Rfd1 Rc7 16. b4 Rac8 17. Rc2 b5 18. c5 Qd8 19. Qa6 Nd7 20. Nf3 Ra8 21. Rc3 Nb8 22. Qa5 Nd7 23. Bf1 a6 24. Ra1 Qb8 25. a4 Raa7 26. Rca3 Rcb7 27. Ne1 Nf5 28. axb5 Nxd4 29. b6 Ra8 30. Bxa6 Nxb6 31. cxb6 Rxb6 32. Qc5 Rxb4 33. Bf1 Rxa3 34. Rxa3 Rb1 35. Qxd4 Rxe1 36. Qb2 Qf8 37. Qa2 1-0

[Event "Isle of Wight International"]
[Site "Ryde"]
[Date "2025.02.18"]
[Round "1.61"]
[White "Mittal, Advik"]
[Black "Adams, Henry"]
[Result "0-1"]
[WhiteElo "1732"]
[BlackElo "2082"]
[PlyCount "142"]
[EventDate "2025.02.18"]
[EventType "swiss"]
[EventRounds "9"]
[EventCountry "ENG"]
[SourceTitle "BritBase"]
[Source "John Saunders"]
[SourceDate "2025.02.21"]
[SourceVersion "1"]
[SourceVersionDate "2025.02.21"]
[SourceQuality "1"]

1. d4 Nf6 2. Bf4 d5 3. e3 e6 4. Nf3 Bd6 5. Ne5 O-O 6. Nd2 c5 7. c3 b6 8. Bd3 Bb7 9. g4 Ne4 10. Bxe4 dxe4 11. Ndc4 Be7 12. Nd2 cxd4 13. cxd4 f6 14. Nec4 Nc6 15. a3 Nxd4 16. exd4 e3 17. Nf3 Qd5 18. Nxe3 Qxf3 19. Qxf3 Bxf3 20. Rg1 Rfd8 21. Rg3 Bb7 22. Rc1 g5 23. Bc7 Rxd4 24. Nf1 Rc8 25. Rgc3 Rd7 26. Bg3 Rxc3 27. Rxc3 Bc5 28. Ne3 Bf3 29. Rc2 a5 30. Rd2 Rxd2 31. Kxd2 Bd4 32. b4 a4 33. Nc4 b5 34. Nd6 Bc6 35. Kc2 Kf8 36. f3 Ke7 37. Ne4 Bxe4+ 38. fxe4 f5 39. exf5 exf5 40. gxf5 Kf6 41. Kd3 Bb2 42. Ke4 Bxa3 43. Be5+ Kf7 44. Bc3 Bc1 45. Kd3 h5 46. Kc2 Bf4 47. h3 Bd6 48. Bd2 Kf6 49. Kd3 Kxf5 50. Kd4 a3 51. Kc3 Be5+ 52. Kb3 Bb2 53. Ka2 g4 54. hxg4+ Kxg4 55. Be3 h4 56. Bb6 h3 57. Bc7 Kf3 58. Bh2 Kg2 59. Bb8 h2 60. Bxh2 Kxh2 61. Kb3 Kg3 62. Ka2 Kf3 63. Kb3 Ke3 64. Ka2 Kd4 65. Kb3 Kd3 66. Ka2 Kc4 67. Kb1 Kxb4 68. Ka2 Bf6 69. Kb1 Kb3 70. Kc1 a2 71. Kd2 a1=Q 0-1

[Event "Isle of Wight International"]
[Site "Ryde"]
[Date "2025.02.18"]
[Round "2.1"]
[White "Cheng, Bobby Sky"]
[Black "Steiners, Emils"]
[Result "1-0"]
[WhiteElo "2594"]
[BlackElo "2237"]
[PlyCount "63"]
[EventDate "2025.02.18"]
[EventType "swiss"]
[EventRounds "9"]
[EventCountry "ENG"]
[SourceTitle "BritBase"]
[Source "John Saunders"]
[SourceDate "2025.02.21"]
[SourceVersion "1"]
[SourceVersionDate "2025.02.21"]
[SourceQuality "1"]

1. d4 d5 2. c4 e6 3. Nf3 Nf6 4. g3 Bb4+ 5. Bd2 Be7 6. Bg2 O-O 7. O-O c6 8. b3 Nbd7 9. Bf4 b6 10. Nc3 Bb7 11. Qd3 c5 12. cxd5 exd5 13. Rfd1 Re8 14. Rac1 Nf8 15. dxc5 bxc5 16. Ne5 Bd6 17. Nxd5 Bxe5 18. Nxf6+ Qxf6 19. Bxe5 Qxe5 20. Bxb7 Rad8 21. Bd5 Ne6 22. Qc4 Ng5 23. h4 Ne6 24. e3 h5 25. Bxe6 Rxd1+ 26. Rxd1 Rxe6 27. Rd8+ Kh7 28. Rd5 Qa1+ 29. Kg2 g6 30. Rd7 Qf6 31. Qxc5 Re5 32. Rxf7+ 1-0

[Event "Isle of Wight International"]
[Site "Ryde"]
[Date "2025.02.18"]
[Round "2.2"]
[White "Bin-Suhayl, Ieysaa"]
[Black "Bogner, Sebastian"]
[Result "0-1"]
[WhiteElo "2228"]
[BlackElo "2540"]
[PlyCount "98"]
[EventDate "2025.02.18"]
[EventType "swiss"]
[EventRounds "9"]
[EventCountry "ENG"]
[SourceTitle "BritBase"]
[Source "John Saunders"]
[SourceDate "2025.02.21"]
[SourceVersion "1"]
[SourceVersionDate "2025.02.21"]
[SourceQuality "1"]

1. Nf3 Nf6 2. d4 g6 3. c4 Bg7 4. Nc3 O-O 5. e4 d6 6. Be2 e5 7. O-O Nc6 8. d5 Ne7 9. b4 a5 10. bxa5 Rxa5 11. a4 c5 12. Ra3 Ra6 13. Bd2 Kh8 14. Qc2 Ne8 15. Rb1 Ng8 16. Rab3 h6 17. g3 f5 18. Nh4 Ne7 19. Rxb7 Bxb7 20. Rxb7 g5 21. Nxf5 Nxf5 22. exf5 Rb6 23. Rxb6 Qxb6 24. Nb5 Nf6 25. a5 Qa6 26. f4 gxf4 27. gxf4 e4 28. Bc3 Rf7 29. Kh1 e3 30. Bf3 Kg8 31. Qe2 Re7 32. Qg2 Rf7 33. Qg1 Kf8 34. Qxe3 Ne8 35. Bh5 Re7 36. Qd3 Nf6 37. Bf3 Ne8 38. Qc2 Re3 39. Bxg7+ Kxg7 40. Qg2+ Kf8 41. Qf2 Re7 42. Qb2 Re1+ 43. Kg2 Qxa5 44. Kg3 Rg1+ 45. Kh3 Qe1 46. Qh8+ Ke7 47. Qh7+ Kd8 48. Bg4 Qf1+ 49. Kh4 Rxg4+ 0-1

[Event "Isle of Wight International"]
[Site "Ryde"]
[Date "2025.02.18"]
[Round "2.3"]
[White "Beerdsen, Thomas"]
[Black "Venkatesan, Kavin"]
[Result "1/2-1/2"]
[WhiteElo "2511"]
[BlackElo "2227"]
[PlyCount "53"]
[EventDate "2025.02.18"]
[EventType "swiss"]
[EventRounds "9"]
[EventCountry "ENG"]
[SourceTitle "BritBase"]
[Source "John Saunders"]
[SourceDate "2025.02.21"]
[SourceVersion "1"]
[SourceVersionDate "2025.02.21"]
[SourceQuality "1"]

1. e4 c5 2. Nf3 d6 3. d4 cxd4 4. Nxd4 Nf6 5. Nc3 a6 6. Be3 e5 7. Nf3 Be7 8. Bc4 O-O 9. O-O Qc7 10. Bb3 Nc6 11. Qe2 Be6 12. Rfd1 Rac8 13. Bg5 Na5 14. Bxf6 Bxf6 15. Nd5 Bxd5 16. Rxd5 Nxb3 17. cxb3 Be7 18. Rad1 f5 19. exf5 Rxf5 20. b4 Rf4 21. b5 Qc4 22. Qxc4 Rfxc4 23. bxa6 bxa6 24. g3 Kf7 25. Ra5 R8c6 26. b3 Rc2 27. Kf1 1/2-1/2